000 00742cab a2200253 4500
001 ABS48873
008 090401t1993 xxu||||| |||| 00| 0 eng d
035 _a(Sirsi) u68924
041 _aeng
100 _aClubb, L.
245 _aLetting the trained take the strain
260 _c1993
350 _a0
490 _aChartered Quantity Surveyor
_v15(10) June 1993, 18(1)
520 _aDemonstrates how the client can retain control of a project by employing a project manager.
650 _aBRADFORD PROPERTY TRUST
650 _aCASE STUDIES
650 _aMARTLESHAM HEATH
650 _aPROJECT MANAGEMENT ASSOCIATION
650 _aPROJECT MANAGERS
690 _aProject management
_96261
942 _n0
948 _c04/03/1997
999 _c43274
_d43274